Jeux Olympiques d'Eté - 4 premières places - Statistiques

Statistiques générales
  • Ce quiz a été pris 487 fois
  • Le résultat moyen est 15 sur 21
Statistiques - réponses
Pays % Correct
Chine
100%
France
100%
Etats-Unis
99%
Japon
97%
Allemagne
93%
Allemagne de l'Ouest
93%
Russie
93%
Royaume-Uni
91%
Australie
88%
Italie
86%
Canada
84%
Union Soviétique
71%
Corée du Sud
70%
Suède
67%
Grèce
60%
Finlande
53%
Hongrie
46%
Allemagne de l'Est
45%
Roumanie
37%
Bulgarie
30%
Cuba
21%
Aucun quiz correspondant
Distribution des résultats
% des personnes avec chaque résultat
Percentile par nombre de réponses
Votre historique - résultats
Vous n’avez pas pris ce quiz